000 01102njm a22002417a 4500
005 20100901115333.0
006 a|||||r|||||00| 0
007 sd ammalaaahaa
008 100901t xxu||||| |||| 00| 0 eng d
028 _aGE 8566
_bColumbia
035 _aGR-380
040 _aSED
_cSED
100 _aKurdikar, Bai Mogubai
_917891
245 _aPana biri main kain kab un dine :
_b(suha ) /
_cby Bai Mogubai Kurdikar
_h[Sound recording]
246 _aपाना बीरी मैं कें कब उन दिने बाई मोगुबाई कुर्डीकर
260 _aDUM DUM, India
_bColumbia
300 _a1 Sound disc [Gramophone Recording] :
_banalog, 33 1/3 rpm
_c9.5 in. (MP)
_fGramophone Record
500 _aBrief record
505 _aSide-2 आव आज बाजे बजाये -(शिकल बिलावल ) (Aava aaj baje bajaye -(Shikal Bilaval) (Bai Mogubai Kurdikar)
650 _aClassical music
_xExcerpts
_zIndia
_917892
942 _2ddc
_cGR
999 _c43510
_d43510